| 000 | 00525cam a22001574a 4500 | ||
|---|---|---|---|
| 020 | _a9781935476627 (alk. paper) | ||
| 050 | 0 | 0 |
_aRT98 _b.D74 2011 |
| 100 | 1 | _aDreher, Melanie Creagan. | |
| 245 | 1 | 0 |
_aHealthy places, healthy people : _ba handbook for culturally informed community nursing practice / _cMelanie Dreher and Lisa Skemp. |
| 250 | _a2nd ed. | ||
| 260 |
_aIndianapolis, IN : _bSigma Theta Tau International, _cc2011. |
||
| 300 | _axix, 259 p. ; | ||
| 650 | 2 | 2 | _xmethods. |
| 700 | 1 | _aSkemp, Lisa, | |
| 942 |
_2lcc _cGEN |
||
| 999 |
_c10393 _d10393 |
||